Dyskografia - Reto - Statystyki

Ogólne statystyki
  • Ten quiz został rozwiązany 98 razy
  • Średni wynik to 9 z 11
Statystyki odpowiedzi
Rok Tytuł Wydanie % Poprawnych
2018 BOA Album
97%
2021 W samo południe Album
92%
2022 W samo południe (Deluxe) Album
92%
2017 K R U K Album
89%
2023 STYXXX Album
84%
2023 STYXXX (Deluxe) Album
84%
2016 DAMN. Album
78%
2020 420024 Album Kolaboracyjny
74%
2014 MOONLIGHT Album
70%
2016 good7uck Mixtape
62%
2011 To Ten Inny Album
44%
Nie znaleziono quizów pasujących do podanych kryteriów
Rozkład punktacji
Procent ludzi z każdym wynikiem
Percentyl według liczby udzielonych odpowiedzi
Twoja historia wyników
Nie rozwiązałeś tego quizu